| 000 | 00625nam a2200133 a 4500 | ||
|---|---|---|---|
| 008 | 100603s2008 ||||||||||||||||| || u | ||
| 050 | _aTHESIS/STUDENT | ||
| 100 | _aMilongo, George | ||
| 245 | 1 | 0 | _aRock mechanics aspects of converting from mechanised continous retreat mining method to backfill at Mufulira Mine Site (Mufulira Deeps) |
| 260 |
_aKitwe _bCopperbelt University, School of Technology, Mining Department _c2008 |
||
| 350 | _a0.00 | ||
| 650 | _aMINES | ||
| 995 |
_D0.00 _FCBU-MAIN LIBRARY (Kitwe) _H1 _I0.00 _M1 _UAVAILABLE _WJun 3, 2010 _ZUniversity Collection |
||
| 999 |
_c56638 _d56638 |
||